000 01154nam a22001817a 4500
999 _c59547
_d59547
003 Ge_BSU
005 20230313142532.0
008 230313b xxu||||| |||| 00| 0 geo d
041 _ageo
080 _a341.645(4) ა-26
245 _aადამიანის უფლებათა ევროპული სასამართლო :
_b რჩეული გადაწყვეტილებები. ტ. 1
_cრედ. ავთანდილ დემეტრაშვილი ; საქ. ევროპის საბჭოს მიზნების მხარდამჭერი ასოციაცია.
264 _aთბილისი,
_c2001.
300 _a410 გვ. :
_bცხრ.;
_c21 სმ.
653 _aადამიანის უფლებათა ევროპული სასამართლო
700 _aდემეტრაშვილი, ავთანდილ
_eრედაქტორი
_917186
710 _aსაქართველოს ევროპის საბჭოს მიზნების მხარდამჭერი
_917187
942 _2udc
_cBK